| 000 | 00353 a2200169 4500 | ||
|---|---|---|---|
| 001 | 192211 | ||
| 020 | _a85-00-53192-4 | ||
| 040 | _cMagnum | ||
| 100 | _aLouzeiro, José | ||
| 240 | 1 | 0 |
_aA hora do morcego _lpor |
| 245 | 1 | 0 | _aA hora do morcego |
| 300 | _a188 | ||
| 362 | 0 | _a1999 | |
| 440 | 1 | _aEdiouro | |
| 697 | _aLITERATURA JUVENIL | ||
| 942 | _cBK | ||
| 999 |
_c192211 _d192211 |
||